Elenca la formazione - Quiz n°15 - Statistics

Statistiche generali
  • Questo quiz è stato fatto 188 volte
  • Il punteggio medio è 10 su 11
Statistiche sulle risposte
Ruolo Nazione Calciatore % Corretto
Centrocampista Spagna Andrés Iniesta
100%
Attaccante Argentina Lionel Messi
100%
Centrocampista Spagna Xavi
97%
Difensore Brasile Daniel Alves
92%
Difensore Spagna Gerard Piqué
92%
Portiere Spagna Víctor Valdés
92%
Attaccante Spagna David Villa
91%
Centrocampista Spagna Sergio Busquets
91%
Difensore Argentina Javier Mascherano
88%
Attaccante Spagna Pedro Rodriguez
80%
Difensore Francia Éric Abidal
73%
Nessun quiz corrispondente trovato
Distribuzione punteggi
Percentuale di utenti per punteggio
Percentile per numero di risposta
I tuoi punteggi nel tempo
Non hai fatto questo quiz